00520nam a2200193 a 4500001001300000003000900013005001700022008004100039020002500080082001700105100001800122245004100140260003500181300000900216500003500225505002400260650002400284700001800308nice12345678IN_TiNIC20260116013141.0050524s1990 lona grp 000 0 eng  a0860122 c736.300a230.046bCOM aComblin, Jose aBeing Humanb Christian Anthropology aLondonbBurns and Oates c1990 a260p aincludes index and biblioraphy2 aIndex, Bibliography aLiberation-Theology1 aComblin, Jose